Language Quiz

Random Language or Food Quiz
Score 0/44 Timer 20:00
0 Plays Today
French English % Correct
du pain grillétoast
71%
l'aubergineeggplant
67.7%
le potagesoup
61.3%
la foieliver
58.1%
les moulesmussels
54.8%
l'agneaulamb
51.6%
les pommes de terre à l'eauboiled potatoes
51.6%
le rôtiroast
48.4%
la purée de pommes de terremashed potatoes
48.4%
une endiveendive
45.2%
un flanflan
45.2%
le chou-fleur, les choux-fleurscauliflower
41.9%
une glace (not 'de' glace)ice cream
41.9%
les cruditéscrudité, craw vegetables
38.7%
l'aissaisonnementseasoning, dressing
35.5%
une escalopecutlet
32.3%
saignant, saignanterare
32.3%
le compotecompote
32.3%
les fines herbesculinary herbs
32.3%
le gibierwild game
29%
le saucissonsalami
29%
à pointmedium
29%
French English % Correct
la charcuteriecold cuts
25.8%
une sucrettesweetener
22.6%
le jambon crucured ham
22.6%
la tuitetrout
22.6%
la volaillepoultry
19.4%
une côtelettechop
19.4%
une salad composéemixed salad
19.4%
une (chicorée) friséefrisée (lettuce)
19.4%
le parfumflavour
19.4%
la crème Chantillywhipped cream
19.4%
la pâtepastry
19.4%
le jambon blanccooked ham
16.1%
le poivronbell pepper
16.1%
le laurierbay leaf
16.1%
le pain de mieroll
12.9%
une enrecôterib steak
12.9%
le choucroutesauerkraut
12.9%
une biscottezwieback, melba
6.5%
une gâteau secscone
6.5%
le chou, les chouxcaabbage
3.2%
les pommes de terre sautéesroasted potatoes
3.2%
le (vin) mousseuxcider
3.2%
Remove Ads.
Support Sporcle.
Get the best of Sporcle when you Go Orange. This ad-free experience offers more features, more stats, and more fun while also helping to support Sporcle. Thank you for becoming a member.

You're not logged in!

Compare scores with friends on all Sporcle quizzes.
OR
Log In

Show Comments

Extras

Top Quizzes Today


Score Distribution

Your Account Isn't Verified!

In order to create a playlist on Sporcle, you need to verify the email address you used during registration. Go to your Sporcle Settings to finish the process.

Report this User

Report this user for behavior that violates our Community Guidelines.

Details: